00612nam a2200181Ia 4500008004100000082001300041100002000054245003900074250000800113260003300121300001200154500002400166650001200190942000700202952010200209952010200311999001700413230524s9999 xx 000 0 und d a530bSIN aB.P.Singh95207 0aSemiconductor Devices and Circuits a2ND aNEW DELHIbDhanpat Raic2003 a23.43+7 aQuantity Number: 2 aPhysics cBK 00104070aTATCLbTATCLcGENd2023-05-24l0o530 SINp6457r2023-05-24w2023-05-24yBKzBSCP1207 00104070aTATCLbTATCLcGENd2023-05-24l0o530 SINp6458r2023-05-24w2023-05-24yBKzBSCP1207 c23537d23537